LEADER 01769nam 22004333u 450 001 9910450504803321 005 20210107022531.0 010 $a9786610071692 035 $a(CKB)1000000000248634 035 $a(EBL)179126 035 $a(OCoLC)475883519 035 $a(MiAaPQ)EBC179126 035 $a(EXLCZ)991000000000248634 100 $a20130418d1992|||| u|| | 101 0 $aeng 135 $aur|n|---||||| 200 10$aColitis$b[electronic resource] 210 $aHoboken $cTaylor and Francis$d1992 215 $a1 online resource (141 p.) 300 $aDescription based upon print version of record. 311 $a0-415-03839-1 327 $aBook Cover; Title; Contents; Preface; Acknowledgements; Editors' preface; The background; The start of the trouble; Living with ulcerative colitis; Having the operation; Living with an ileostomy; The experience of colitis and colectomy: coping with illness and surgery; References; Index 330 $aUlcerative colitis is a chronic condition that has a number of long-term complications and creates certain short-term problems for the sufferer. Michael Kelly, himself a sufferer, describes the experience of ulcerative colitis from the perspective of men and women who have had the disease and examines the social and psychological issues surrounding the condition. 606 $aPsychology 606 $aSurgery 606 $aUlcerative colitis 608 $aElectronic books. 615 4$aPsychology. 615 4$aSurgery. 615 4$aUlcerative colitis. 676 $a616.344 700 $aKelly$b Michael P$0257273 801 0$bAU-PeEL 801 1$bAU-PeEL 801 2$bAU-PeEL 906 $aBOOK 912 $a9910450504803321 996 $aColitis$92078599 997 $aUNINA LEADER 01194nam 2200373 450 001 9910407748703321 005 20221011075535.0 010 $a1-78923-924-9 035 $a(CKB)4100000011325320 035 $a(NjHacI)994100000011325320 035 $a(EXLCZ)994100000011325320 100 $a20221011d2019 uy 0 101 0 $aeng 135 $aur||||||||||| 181 $ctxt$2rdacontent 182 $cc$2rdamedia 183 $acr$2rdacarrier 200 00$aAdvances in extracorporeal membrane oxygenation$hVolume 3 /$fedited by Michael S. Firstenberg 210 1$aLondon, England :$cIntechOpen,$d[2019] 210 4$dİ2019 215 $a1 online resource (242 pages) $cillustrations 311 $a1-78923-923-0 320 $aIncludes bibliographical references. 517 $aAdvances in Extracorporeal Membrane Oxygenation 606 $aExtracorporeal membrane oxygenation 615 0$aExtracorporeal membrane oxygenation. 676 $a615.836 702 $aFirstenberg$b Michael S. 801 0$bNjHacI 801 1$bNjHacl 906 $aBOOK 912 $a9910407748703321 996 $aAdvances in extracorporeal membrane oxygenation$92959794 997 $aUNINA LEADER 01169nam a2200277 i 4500 001 991003679689707536 005 20021220115250.0 008 020611s1980 it ||| | eng 035 $ab11847360-39ule_inst 035 $aLE01313253$9ExL 040 $aDip.to Matematica$beng 082 0 $a515.353 084 $aAMS 35R35 110 2 $aIstituto nazionale di alta matematica Francesco Severi$0284877 245 10$aFree boundary problems :$bproceedings of a seminar held in Pavia, September-October 1979 /$cpref. Enrico Megenes 260 $aRoma :$b[s.n.],$c1980 (Bologna : Tecnoprint) 300 $a2 v. ;$c24 cm. 500 $aIn testa al front.: Istituto nazionale di alta matematica Francesco Severi 650 4$aBoundary value problems$xCongresses 700 1 $aMegenes, Enrico$eauthor$4http://id.loc.gov/vocabulary/relators/aut$0736147 907 $a.b11847360$b21-09-06$c20-12-02 912 $a991003679689707536 945 $aLE013 35R MEG11 (1980)$g1$i2013000131948$lle013$o-$pE0.00$q-$rl$s- $t0$u0$v0$w0$x0$y.i12099831$z20-12-02 996 $aFree boundary problems$91454567 997 $aUNISALENTO 998 $ale013$b01-01-02$cm$da $e-$feng$git $h0$i1